Sports Quiz

Random Sports Quiz

Tottenham first team players 09/10 Quiz Stats

 Plays Quiz not verified by Sporcle

Challenge
Share
Tweet
Embed
Score 0/28 Timer 05:00
0 Plays Today
% Correct
Jermain Defoe
95.6%
Heurelho Gomes
94.7%
Ledley King
92.7%
Luka Modric
90.8%
Peter Crouch
90.6%
Gareth Bale
90.2%
Aaron Lennon
89.8%
Michael Dawson
89.5%
Robbie Keane
88.9%
Tom Huddlestone
79.9%
Jermaine Jenas
78.2%
Benoit Assou-Ekotto
78%
Vedran Corluka
76.8%
Carlo Cudicini
76.7%
% Correct
Roman Pavlyuchenko
71.9%
David Bentley
66.8%
Wilson Palacios
65.3%
Jonathan Woodgate
64.3%
Alan Hutton
63.5%
Sebastien Bassong
61.1%
Niko Kranjcar
58.8%
Jimmy Walker
55.3%
Danny Rose
53.4%
Giovani Dos Santos
41.5%
Kyle Naughton
41.3%
Jamie O'Hara
33.5%
Jake Livermore
25%
Dorian Dervite
12.4%

You're not logged in!

Compare scores with friends on all Sporcle quizzes.
OR
Log In

You Might Also Like...

Show Comments

Extras

Top Quizzes Today


Score Distribution

Your Account Isn't Verified!

In order to create a playlist on Sporcle, you need to verify the email address you used during registration. Go to your Sporcle Settings to finish the process.

Report this User

Report this user for behavior that violates our Community Guidelines.

Details: